<?xml version="1.0" encoding="UTF-8"?>
<record
    xmlns:xsi="http://www.w3.org/2001/XMLSchema-instance"
    xsi:schemaLocation="http://www.loc.gov/MARC21/slim http://www.loc.gov/standards/marcxml/schema/MARC21slim.xsd"
    xmlns="http://www.loc.gov/MARC21/slim">

  <leader>02683nam a22003497i 4500</leader>
  <controlfield tag="001">B-12604</controlfield>
  <controlfield tag="003">CO-BoFNCP</controlfield>
  <controlfield tag="007">t|| </controlfield>
  <controlfield tag="008">090928s2008    my     r           eng d </controlfield>
  <datafield tag="040" ind1=" " ind2=" ">
    <subfield code="a">CO-BoFNCP</subfield>
    <subfield code="b">spa</subfield>
    <subfield code="c">CO-BoFNCP</subfield>
    <subfield code="e">rda</subfield>
  </datafield>
  <datafield tag="041" ind1=" " ind2=" ">
    <subfield code="a">eng</subfield>
  </datafield>
  <datafield tag="043" ind1=" " ind2=" ">
    <subfield code="a">my</subfield>
  </datafield>
  <datafield tag="084" ind1=" " ind2=" ">
    <subfield code="a">A-</subfield>
  </datafield>
  <datafield tag="100" ind1="1" ind2=" ">
    <subfield code="a">Suboh, Ismail</subfield>
    <subfield code="9">41294,</subfield>
    <subfield code="e">autor.</subfield>
    <subfield code="4">aut</subfield>
  </datafield>
  <datafield tag="245" ind1="1" ind2="0">
    <subfield code="a">Potentials for integration in oil palm plantations.</subfield>
  </datafield>
  <datafield tag="264" ind1=" " ind2="4">
    <subfield code="c">&#xA9;2008</subfield>
  </datafield>
  <datafield tag="300" ind1=" " ind2=" ">
    <subfield code="a">p&#xE1;ginas 303-319 :</subfield>
    <subfield code="b">Tablas, gr&#xE1;ficos.</subfield>
  </datafield>
  <datafield tag="336" ind1=" " ind2=" ">
    <subfield code="a">texto</subfield>
    <subfield code="b">txt</subfield>
    <subfield code="2">rdacontent</subfield>
  </datafield>
  <datafield tag="337" ind1=" " ind2=" ">
    <subfield code="a">sin mediaci&#xF3;n</subfield>
    <subfield code="b">n</subfield>
    <subfield code="2">rdamedia</subfield>
  </datafield>
  <datafield tag="338" ind1=" " ind2=" ">
    <subfield code="a">volumen</subfield>
    <subfield code="b">nc</subfield>
    <subfield code="2">rdacarrier</subfield>
  </datafield>
  <datafield tag="504" ind1=" " ind2=" ">
    <subfield code="a">Incluye referencias bibliogr&#xE1;ficas.</subfield>
  </datafield>
  <datafield tag="520" ind1=" " ind2=" ">
    <subfield code="a">Crops and livestock integration with oil palm is one of the thrust areas in the Malaysian Palm Oil Board's (MPOB) research programmes as outlined in its strategic plan. It is in line with ensuring the hihg income strategy as envisaged by MPOB and the national aspiration to achieve self-sufficiency in food production. Integration of crops or livestock with oil palm is possible since sunlight can penetrate the oil palm canopy especially during the immature stage enabling other crops to be grown between rows of oil palm. At the mature stage, some light still can penetrate to the ground and allow several types of vegetation/weeds to grow which can be used as forage for livestock. The integration of crops and livestock generates additional income to the oil palm growers and improves productivity of the land. Various studies have shown that several cash crops are capable of generating additional income of between RM175-RM870 per hectare per month when integrated with oil palm. To be feasible and economically viable, suitable crops or livestock and their production systems need to be well established. Crops integration is limited to the first two years of oil palm planting. To extend the integration further, oil palm is planted in double avenue planting system. This planting system allows higher light penetration and provides wider space between two palm avenues. Observations have shown that in a field of five-year oil palm, there is still about 25-30 percent of the area available for cultivation of crops. Early results indicate that the oil palm yield in double avenue is comparable to that planted using the conventional triangular system.</subfield>
  </datafield>
  <datafield tag="650" ind1=" " ind2="0">
    <subfield code="a">Cultivo.</subfield>
    <subfield code="9">7424</subfield>
  </datafield>
  <datafield tag="650" ind1=" " ind2="0">
    <subfield code="a">Sistema integrado</subfield>
    <subfield code="9">35705.</subfield>
  </datafield>
  <datafield tag="650" ind1=" " ind2="0">
    <subfield code="a">Palma de aceite</subfield>
    <subfield code="9">37678.</subfield>
  </datafield>
  <datafield tag="700" ind1="1" ind2=" ">
    <subfield code="a">Kamil, Azmi Tohiran</subfield>
    <subfield code="9">41292.</subfield>
  </datafield>
  <datafield tag="700" ind1="1" ind2=" ">
    <subfield code="a">Raja Zulkifli, Raja Omar</subfield>
    <subfield code="9">41293.</subfield>
  </datafield>
  <datafield tag="773" ind1="0" ind2=" ">
    <subfield code="a">The Planter (Malasia)</subfield>
    <subfield code="g">v. 84, no. 986 (2008), p.303-319</subfield>
    <subfield code="w">A-</subfield>
    <subfield code="x">0126-575x</subfield>
  </datafield>
  <datafield tag="942" ind1=" " ind2=" ">
    <subfield code="2">z</subfield>
    <subfield code="c">1</subfield>
  </datafield>
  <datafield tag="952" ind1=" " ind2=" ">
    <subfield code="0">0</subfield>
    <subfield code="1">0</subfield>
    <subfield code="2">z</subfield>
    <subfield code="4">0</subfield>
    <subfield code="7">0</subfield>
    <subfield code="a">2</subfield>
    <subfield code="b">2</subfield>
    <subfield code="d">2013-10-21</subfield>
    <subfield code="l">0</subfield>
    <subfield code="o">A-</subfield>
    <subfield code="p">R-12604</subfield>
    <subfield code="r">2013-10-21 00:00:00</subfield>
    <subfield code="t">Ej. 1</subfield>
    <subfield code="w">2013-10-21</subfield>
    <subfield code="y">1</subfield>
  </datafield>
  <datafield tag="999" ind1=" " ind2=" ">
    <subfield code="c">26576</subfield>
    <subfield code="d">26576</subfield>
  </datafield>
  <datafield tag="999" ind1=" " ind2=" ">
    <subfield code="z">1</subfield>
  </datafield>
</record>
